<?xml version="1.0" encoding="UTF-8"?>
<record
    xmlns:xsi="http://www.w3.org/2001/XMLSchema-instance"
    xsi:schemaLocation="http://www.loc.gov/MARC21/slim http://www.loc.gov/standards/marcxml/schema/MARC21slim.xsd"
    xmlns="http://www.loc.gov/MARC21/slim">

  <leader>00352nam a2200145Ia 4500</leader>
  <controlfield tag="008">191201s2009    xx            000 0 und d</controlfield>
  <datafield tag="082" ind1=" " ind2=" ">
    <subfield code="a">005.133</subfield>
    <subfield code="b">PRP</subfield>
  </datafield>
  <datafield tag="100" ind1=" " ind2=" ">
    <subfield code="a">Pratt, Terrence W</subfield>
  </datafield>
  <datafield tag="245" ind1=" " ind2="0">
    <subfield code="a">Programming Languages</subfield>
  </datafield>
  <datafield tag="250" ind1=" " ind2=" ">
    <subfield code="a">IMP</subfield>
  </datafield>
  <datafield tag="260" ind1=" " ind2=" ">
    <subfield code="a">N.Delhi</subfield>
    <subfield code="b">Pearson Education</subfield>
    <subfield code="c">2009</subfield>
  </datafield>
  <datafield tag="300" ind1=" " ind2=" ">
    <subfield code="a">590</subfield>
  </datafield>
  <datafield tag="650" ind1=" " ind2=" ">
    <subfield code="a">B.Tech(CSE)</subfield>
  </datafield>
  <datafield tag="942" ind1=" " ind2=" ">
    <subfield code="2">ddc</subfield>
    <subfield code="c">BK</subfield>
    <subfield code="0">20</subfield>
  </datafield>
  <datafield tag="999" ind1=" " ind2=" ">
    <subfield code="c">6008</subfield>
    <subfield code="d">6008</subfield>
  </datafield>
  <datafield tag="952" ind1=" " ind2=" ">
    <subfield code="0">0</subfield>
    <subfield code="1">0</subfield>
    <subfield code="2">ddc</subfield>
    <subfield code="4">0</subfield>
    <subfield code="7">0</subfield>
    <subfield code="8">BTECHCSE</subfield>
    <subfield code="a">PIET</subfield>
    <subfield code="b">PIET</subfield>
    <subfield code="d">2014-08-26</subfield>
    <subfield code="e">Orange Books International</subfield>
    <subfield code="g">625.00</subfield>
    <subfield code="k">4658</subfield>
    <subfield code="l">1</subfield>
    <subfield code="o">005.133 PRP</subfield>
    <subfield code="p">24869</subfield>
    <subfield code="r">2022-12-30 00:00:00</subfield>
    <subfield code="s">2022-12-20</subfield>
    <subfield code="v">437.50</subfield>
    <subfield code="w">2014-08-16</subfield>
    <subfield code="y">BK</subfield>
  </datafield>
  <datafield tag="952" ind1=" " ind2=" ">
    <subfield code="0">0</subfield>
    <subfield code="1">0</subfield>
    <subfield code="2">ddc</subfield>
    <subfield code="4">0</subfield>
    <subfield code="7">0</subfield>
    <subfield code="8">BTECHCSE</subfield>
    <subfield code="a">PIET</subfield>
    <subfield code="b">PIET</subfield>
    <subfield code="d">2014-08-26</subfield>
    <subfield code="e">Orange Books International</subfield>
    <subfield code="g">625.00</subfield>
    <subfield code="k">4658</subfield>
    <subfield code="l">21</subfield>
    <subfield code="o">005.133 PRP</subfield>
    <subfield code="p">24870</subfield>
    <subfield code="r">2025-01-14 00:00:00</subfield>
    <subfield code="s">2025-01-09</subfield>
    <subfield code="v">437.50</subfield>
    <subfield code="w">2014-08-16</subfield>
    <subfield code="y">BK</subfield>
  </datafield>
  <datafield tag="952" ind1=" " ind2=" ">
    <subfield code="0">0</subfield>
    <subfield code="1">0</subfield>
    <subfield code="2">ddc</subfield>
    <subfield code="4">0</subfield>
    <subfield code="7">0</subfield>
    <subfield code="8">BTECHCSE</subfield>
    <subfield code="a">PIET</subfield>
    <subfield code="b">PIET</subfield>
    <subfield code="d">2014-08-26</subfield>
    <subfield code="e">Orange Books International</subfield>
    <subfield code="g">625.00</subfield>
    <subfield code="k">4658</subfield>
    <subfield code="l">1</subfield>
    <subfield code="o">005.133 PRP</subfield>
    <subfield code="p">24871</subfield>
    <subfield code="q">2022-07-20</subfield>
    <subfield code="r">2022-01-21 00:00:00</subfield>
    <subfield code="s">2022-01-21</subfield>
    <subfield code="v">437.50</subfield>
    <subfield code="w">2014-08-16</subfield>
    <subfield code="y">BK</subfield>
    <subfield code="z">.</subfield>
  </datafield>
  <datafield tag="952" ind1=" " ind2=" ">
    <subfield code="0">0</subfield>
    <subfield code="1">0</subfield>
    <subfield code="2">ddc</subfield>
    <subfield code="4">0</subfield>
    <subfield code="7">0</subfield>
    <subfield code="8">BTECHCSE</subfield>
    <subfield code="a">PIET</subfield>
    <subfield code="b">PIET</subfield>
    <subfield code="d">2014-08-26</subfield>
    <subfield code="e">Orange Books International</subfield>
    <subfield code="g">625.00</subfield>
    <subfield code="k">4658</subfield>
    <subfield code="l">0</subfield>
    <subfield code="o">005.133 PRP</subfield>
    <subfield code="p">24872</subfield>
    <subfield code="r">2019-12-04 00:00:00</subfield>
    <subfield code="v">437.50</subfield>
    <subfield code="w">2014-08-16</subfield>
    <subfield code="y">REF</subfield>
  </datafield>
  <datafield tag="952" ind1=" " ind2=" ">
    <subfield code="0">0</subfield>
    <subfield code="1">0</subfield>
    <subfield code="2">ddc</subfield>
    <subfield code="4">0</subfield>
    <subfield code="7">0</subfield>
    <subfield code="8">BTECHCSE</subfield>
    <subfield code="a">PIET</subfield>
    <subfield code="b">PIET</subfield>
    <subfield code="d">2014-08-26</subfield>
    <subfield code="e">Orange Books International</subfield>
    <subfield code="g">625.00</subfield>
    <subfield code="k">4658</subfield>
    <subfield code="l">4</subfield>
    <subfield code="o">005.133 PRP</subfield>
    <subfield code="p">24873</subfield>
    <subfield code="r">2023-01-20 00:00:00</subfield>
    <subfield code="s">2023-01-11</subfield>
    <subfield code="v">437.50</subfield>
    <subfield code="w">2014-08-16</subfield>
    <subfield code="y">BK</subfield>
  </datafield>
</record>
